000
00205 a2200097 4500
020
_a
9789996433320
041
_a
spa
100
_a
Smarty
245
_a
Aprediendo sobre mi bello pais: Nicaragua
942
_c
BK
999
_c
31565
_d
31563